Представление документа в формате MARC21

ПолеНазваниеЗначение
  Тип записи a
  Библиографический уровень m
001 Контрольный номер RU/URAIT/586116
005 Дата корректировки 20260429163613.3
008 Кодируемые данные 260429s2026 RU y f j 000 0 rus u
020 Индекс ISBN __
a ISBN 978-5-534-07545-8
c Цена, тираж 1299.00
040 Источник каталогиз. __
a Служба первич. каталог. ИКО Юрайт
c Служба, преобразующая запись ИКО Юрайт
e Правила каталог. RCR
041 Код языка издания __
a Код языка текста rus
044 Код страны публикации __
a Код страны публикации RU
080 Индекс УДК __
a Индекс УДК 517(075.8)
084 Индекс другой классификации/Индекс ББК __
2 Источник индекса rubbk
a Индекс другой классификации/Индекс ББК 22.16я73
100 Автор __
a Автор Плотникова Е. Г.
q Полное имя Плотникова Евгения Григорьевна
245 Заглавие __
a Заглавие Математический анализ и дискретная математика
b Продолж. заглавия учебник для вузов
c Ответственность Е. Г. Плотникова, С. В. Левко, В. В. Логинова, Г. М. Хакимова ; под общей редакцией Е. Г. Плотниковой.
250 Сведения об издании __
g пер. и доп
a Основные сведения об издании 2-е изд.
256 Характеристики компьютерного файла __
a Характеристики компьютерного файла Электрон. дан.
260 Выходные данные __
a Место издания Москва
b Издательство Юрайт
c Дата издания 2026
300 Физическое описание __
a Объем 300 с
440 Серия __
a Серия Высшее образование
500 Примечания __
a Примечание URL: https://urait.ru/bcode/586116 (дата обращения: 29.04.2026).
520 Аннотация __
a Аннотация Учебное пособие содержит практические задания по таким разделам математики, как функции переменных и дискретная математика. В первой части дается дифференциальное и интегральное исчисление функции нескольких переменных, описывается теория поля. Во второй части охарактеризованы множества, представлены основные формулы комбинаторики, теория графов, переключительные функции.
538 Прим. о системных особенностях __
a Прим. о системных особенностях Режим доступа: Электронно-библиотечная система Юрайт, для авториз. пользователей
653 Ключевые слова __
a Ключевые слова Математический анализ
653 Ключевые слова __
a Ключевые слова Математика и статистика
653 Ключевые слова __
a Ключевые слова Дискретная математика
653 Ключевые слова __
a Ключевые слова Математический анализ
653 Ключевые слова __
a Ключевые слова математический анализ II (функции многих переменных, теория комплексных чисел)
653 Ключевые слова __
a Ключевые слова Основы математического анализа
653 Ключевые слова __
a Ключевые слова Математика. Дискретная математика
653 Ключевые слова __
a Ключевые слова Математика. Математический анализ
653 Ключевые слова __
a Ключевые слова Введение в дискретную математику
653 Ключевые слова __
a Ключевые слова Основы дискретной математики
653 Ключевые слова __
a Ключевые слова Введение в математический анализ
700 Другие авторы __
a Другие авторы Левко С. В.
q Полное имя Левко Светлана Владимировна
700 Другие авторы __
a Другие авторы Логинова В. В.
q Полное имя Логинова Валерия Валерьевна
700 Другие авторы __
a Другие авторы Хакимова Г. М.
q Полное имя Хакимова Галия Мансуровна
856 Электронный адрес документа 40
n Местонахождение сервера Юрайт
g Электронная книга
q Тип электронного формата html
h Имя пользователя ЮРАЙТ
v Часы доступа к ресурсу 20271231
2 Способ доступа Показать документ
x Служебное примечание https://urait.ru/book/cover/38643FD3-6F48-4B30-92A4-8827194FF9A0
u URL https://urait.ru/bcode/586116
856 Электронный адрес документа 48
q Тип электронного формата cover
u URL https://urait.ru/book/cover/38643FD3-6F48-4B30-92A4-8827194FF9A0
911 __
u 0030=https://urait.ru/bcode/586116
911 __
u 073a=9785534075458
u 073d=1299.00
911 __
u 106a=s
911 __
u 900l=
952 Тип литературы __
i Дисциплина Дискретная математика
952 Тип литературы __
i Дисциплина Математический анализ
952 Тип литературы __
i Дисциплина математический анализ II (функции многих переменных, теория комплексных чисел)
952 Тип литературы __
i Дисциплина Основы математического анализа
952 Тип литературы __
i Дисциплина Математика. Дискретная математика
952 Тип литературы __
i Дисциплина Математика. Математический анализ
952 Тип литературы __
i Дисциплина Введение в дискретную математику
952 Тип литературы __
i Дисциплина Основы дискретной математики
952 Тип литературы __
i Дисциплина Введение в математический анализ